000
00328nam a2200121Ia 4500
008
180117s9999 xx 000 0 und d
100
_a
by Maan D"Asis pamaran
245
_a
Carnival Thrills and Chills
260
_c
2017
300
_a
12-16 pages, 2017 March 12
440
_a
Philippine Panorama
650
_a
THRILLS AND CHILLS
999
_c
353416
_d
353416